Top 5 Songs On Humbug (Arctic Monkeys) - Statistics

General Stats
  • This quiz has been taken 97 times
    81 since last reset
  • The average score is 5 of 5
Answer Stats
Hint Answer % Correct
147,625,969 Crying Lightning
97%
110,778,969 Cornerstone
95%
66,731,464 My Propeller
93%
55,098,483 Secret Door
88%
40,185,471 Pretty Visitors
84%
No matching quizzes found
Score Distribution
Percent of People with Each Score
Percentile by Number Answered
Your Score History
You have not taken this quiz since the last reset